|
|
|
|
| LEADER |
00000cam a22000004a 4500 |
| 001 |
musev2_60764 |
| 003 |
MdBmJHUP |
| 005 |
20230905050238.0 |
| 006 |
m o d |
| 007 |
cr||||||||nn|n |
| 008 |
180726s2018 ke o 00 0 eng d |
| 020 |
|
|
|a 9789966114532
|
| 020 |
|
|
|z 9789966189097
|
| 035 |
|
|
|a (OCoLC)1053881442
|
| 040 |
|
|
|a MdBmJHUP
|c MdBmJHUP
|
| 100 |
1 |
|
|a Durrani, Shiraz,
|e author.
|
| 245 |
1 |
0 |
|a Trade Unions in Kenya's War of Independence /
|c Shiraz Durrani.
|
| 264 |
|
1 |
|a Nairobi, Kenya :
|b Vita Books,
|c 2018.
|
| 264 |
|
3 |
|a Baltimore, Md. :
|b Project MUSE,
|c 2018
|
| 264 |
|
4 |
|c ©2018.
|
| 300 |
|
|
|a 1 online resource (118 pages):
|b illustrations.
|
| 336 |
|
|
|a text
|b txt
|2 rdacontent
|
| 337 |
|
|
|a computer
|b c
|2 rdamedia
|
| 338 |
|
|
|a online resource
|b cr
|2 rdacarrier
|
| 490 |
0 |
|
|a Kenya resists ;
|v no. 2
|
| 505 |
0 |
|
|a Cover; Title page; Copyright page; Dedication; Contents; Preface to the Series, Kenya Resists: Looking Back to Fight Forward; Preface to Kenya Resists No. 2: Trade Unions and Kenya's War of Independence; Selection from: Durrani, Shiraz (2018): Kenya's War of Independence: Mau Mau and its Legacy of Resistance to Colonialism and Imperialism, 1948-1990.; Trade Unions Light A Spark; Trade Unions and Mau Mau; Organising for Economic and Political Rights; Classes and Class Struggle; Enter Makhan Singh; Kenya's Trade Unions in the Context of Trade Union (TU) Struggles in Africa
|
| 505 |
0 |
|
|a Workers and Peasants Unite for Armed ResistanceTrade Unions; Three Pillars of Resistance Attacked; Opposition Continues; Worker Resistance; Shiraz Durrani: Reflections on the Revolutionary Legacy of Makhan Singh. Every Inch a Fighter; The "disappeared" history of Makhan Singh; Enter Makhan Singh; Classes, class divisions and class struggles; Makhan Singh -- the early years; Power behind the scene; Early influences on Makhan Singh; Class, trade union and worker rights; Achieving workers' rights; Linking economic and political struggle; The trade union movement influences Mau Mau
|
| 505 |
0 |
|
|a Documenting resistanceConclusion; References; Back cover
|
| 588 |
|
|
|a Description based on print version record.
|
| 650 |
|
7 |
|a Labor unions
|x Political activity.
|2 fast
|0 (OCoLC)fst00990299
|
| 650 |
|
7 |
|a HISTORY / Africa / East
|2 bisacsh
|
| 650 |
|
7 |
|a POLITICAL SCIENCE / Labor & Industrial Relations
|2 bisacsh
|
| 650 |
|
7 |
|a BUSINESS & ECONOMICS / Labor
|2 bisacsh
|
| 650 |
|
6 |
|a Syndicats
|x Activite politique
|z Kenya.
|
| 650 |
|
0 |
|a Labor unions
|x Political activity
|z Kenya.
|
| 651 |
|
7 |
|a Kenya.
|2 fast
|0 (OCoLC)fst01208718
|
| 655 |
|
7 |
|a Electronic books.
|2 local
|
| 710 |
2 |
|
|a Project Muse.
|
| 710 |
2 |
|
|a Project Muse.
|e distributor
|
| 830 |
|
0 |
|a Book collections on Project MUSE.
|
| 856 |
4 |
0 |
|z Texto completo
|u https://projectmuse.uam.elogim.com/book/60764/
|
| 945 |
|
|
|a Project MUSE - Custom Collection
|
| 945 |
|
|
|a Project MUSE - 2018 Complete
|
| 945 |
|
|
|a Project MUSE - 2018 History
|